LIBRARY & INFORMATION CENTRE, KCAET, TAVANUR

ONLINE PUBLIC ACCESS CATALOGUE (OPAC)

Tractors and automobiles / (Record no. 7314)

MARC details
000 -LEADER
fixed length control field 00460cam a2200193ua 4500
041 ## - LANGUAGE CODE
Language code of text/sound track or separate title eng
082 ## - DEWEY DECIMAL CLASSIFICATION NUMBER
Classification number 631.372
Item number ROD/TR
100 ## - MAIN ENTRY--AUTHOR NAME
Personal name Rodichev, V .
245 ## - TITLE STATEMENT
Title Tractors and automobiles /
250 ## - EDITION STATEMENT
Edition statement 1 /
260 ## - PUBLICATION, DISTRIBUTION, ETC. (IMPRINT)
Place of publication Moscow :
Name of publisher Mir publishers ,
Year of publication 1984.
300 ## - PHYSICAL DESCRIPTION
Number of Pages 301 ; .
700 1# - ADDED ENTRY--PERSONAL NAME
Personal name Rodicheva, G .
942 ## - ADDED ENTRY ELEMENTS (KOHA)
Koha item type Books
Holdings
Withdrawn status Lost status Damaged status Home library Current library Date acquired Full call number Accession Number Koha item type
      KAUAET KAUAET 12/02/1986 631.372 14880 Books
free website counter